ARRUPE JESUIT UNIVERSITY

CORONAVIRUS -STOP THE SPREAD - CLEAN,DISINFECT,COVER

Historical knowing / (Record no. 120227)

MARC details
000 -LEADER
fixed length control field 00782cam a2200289 i 4500
001 - CONTROL NUMBER
control field 4423689
003 - CONTROL NUMBER IDENTIFIER
control field ARRUPE
005 - DATE AND TIME OF LATEST TRANSACTION
control field 20140319140456.0
008 - FIXED-LENGTH DATA ELEMENTS--GENERAL INFORMATION
fixed length control field 750620s1976 txu b 001 0 eng
010 ## - LIBRARY OF CONGRESS CONTROL NUMBER
LC control number 75020137
020 ## - INTERNATIONAL STANDARD BOOK NUMBER
International Standard Book Number 0292730020
035 ## - SYSTEM CONTROL NUMBER
System control number (OCoLC)1527665
035 ## - SYSTEM CONTROL NUMBER
System control number (OCoLC)ocm01527665
035 ## - SYSTEM CONTROL NUMBER
System control number (NNC)4423689
040 ## - CATALOGING SOURCE
Original cataloging agency DLC
Transcribing agency DLC
Modifying agency NNUT
050 0# - LIBRARY OF CONGRESS CALL NUMBER
Classification number D16.8
Item number .G64
090 ## - LOCALLY ASSIGNED LC-TYPE CALL NUMBER (OCLC); LOCAL CALL NUMBER (OCLC)
Classification number (OCLC) (R) ; Classification number, CALL (RLIN) (NR) D16.8
Local cutter number (OCLC) ; Book number/undivided call number, CALL (RLIN) .G64
300 ## - PHYSICAL DESCRIPTION
Dimensions 25 cm.
100 1# - MAIN ENTRY--PERSONAL NAME
Personal name Goldstein, Leon J.
9 (RLIN) 9177
245 10 - TITLE STATEMENT
Title Historical knowing /
Statement of responsibility, etc Leon J. Goldstein.
260 ## - PUBLICATION, DISTRIBUTION, ETC. (IMPRINT)
Place of publication, distribution, etc Austin :
Name of publisher, distributor, etc University of Texas Press,
Date of publication, distribution, etc c1976.
300 ## - PHYSICAL DESCRIPTION
Extent xxvii, 242 p. ;
500 ## - GENERAL NOTE
General note Includes index.
504 ## - BIBLIOGRAPHY, ETC. NOTE
Bibliography, etc Bibliography: p. [233]-238.
650 #0 - SUBJECT ADDED ENTRY--TOPICAL TERM
Topical term or geographic name as entry element History
General subdivision Philosophy.
9 (RLIN) 9178
942 ## - ADDED ENTRY ELEMENTS (KOHA)
Source of classification or shelving scheme Library of Congress Classification
Koha item type Monograph ( Printed materials)
Holdings
Withdrawn status Lost status Source of classification or shelving scheme Damaged status Not for loan Collection code Home library Current library Shelving location Date acquired Total Checkouts Full call number Barcode Date last seen Price effective from Koha item type
    Library of Congress Classification     Main Collection ARRUPE LIBRARY ARRUPE LIBRARY Main Collection 19/03/2014   D16.8 .G64 46500001931 19/03/2014 19/03/2014 Monograph ( Printed materials)

 

Arrupe Library. PO Box MP320 Mt Pleasant, Harare, Zimbabwe
263 242 745411|librarian@aju.ac.zw